000 00512nam a2200205Ia 4500
008 140306s9999 xx 000 0 und d
020 _a439343879
050 _aPZ 7
_b.B146 2001
100 _aBaglio, Ben M.
245 _aHorse in the house /
_cBen M Baglio
260 _aNew York :
_bScholastic Inc.,
_cc2001.
300 _a160 p. :
_c18 cm.
521 _aG3
526 _c540
650 _aDogs
_xFiction.
650 _aGhost stories.
650 _aHorses
_xFiction.
942 _cBK
999 _c42834
_d42834